LEADER 00784nam a22001931i 4500 001 991004280934507536 005 20230622164728.0 008 220623m18801882it a||||||||||||||||ita d 040 $aBibl. Interfacoltà T. Pellegrino$bita 082 04$a630.351 245 00$aEnciclopedia agraria italiana :$bopera illustrata con numerose incisioni nel testo e tavole in litografia /$credatta da agronomi delle diverse provincie e diretta dal commendatore Gaetano Cantoni 260 $aTorino :$bUnione Tipografico-Editrice,$c1880-1882 300 $av. :$bill. ;$c27 cm 650 4$aAgricoltura$xEnciclopedie e dizionari 650 4$aAgraria$xEnciclopedie e dizionari 700 1 $aCantoni, Gaetano 912 $a991004280934507536 996 $aEnciclopedia agraria italiana$979112 997 $aUNISALENTO LEADER 03213oam 2200661I 450 001 9910969991903321 005 20251117092028.0 010 $a1-136-23859-X 010 $a1-283-64244-1 010 $a0-203-10212-6 010 $a1-136-23860-3 024 7 $a10.4324/9780203102121 035 $a(CKB)2670000000259433 035 $a(EBL)1039356 035 $a(OCoLC)812917133 035 $a(SSID)ssj0000754973 035 $a(PQKBManifestationID)12275009 035 $a(PQKBTitleCode)TC0000754973 035 $a(PQKBWorkID)10730134 035 $a(PQKB)11104319 035 $a(MiAaPQ)EBC1039356 035 $a(Au-PeEL)EBL1039356 035 $a(CaPaEBR)ebr10611650 035 $a(CaONFJC)MIL395494 035 $a(OCoLC)816243617 035 $a(FINmELB)ELB137436 035 $a(EXLCZ)992670000000259433 100 $a20180706d2013 uy 0 101 0 $aeng 135 $aur|n|---||||| 181 $ctxt 182 $cc 183 $acr 200 00$aAfter cosmopolitanism /$fedited by Rosi Braidotti, Patrick Hanafin and Bolette Blaagaard 205 $a1st ed. 210 1$aAbingdon, Oxon :$cRoutledge,$d2013. 215 $a1 online resource (384 p.) 300 $a"A GlassHouse book." 311 08$a0-415-62721-4 311 08$a0-415-62381-2 320 $aIncludes bibliographical references and index. 327 $aIntroduction -- "Becoming-world" / Rosi Braidotti -- Cosmopolitanism in a multipolar world / David Held -- A cosmopolitics of singularities: rights and the thinking of other worlds / Patrick Hanafin -- The metaphysics of cosmopolitanism / Costas Douzinas -- The humanitarian imaginary: reflections on cosmopolitanism and mediation / Lilie Chouliaraki -- The fantasies of cosmopolitanism / Henrietta Moore -- Postcolonialism and cosmopolitanism: towards a worldly understanding of fascism and Europe's colonial crimes / Paul Gilroy -- Estrangement as pedagogy: the cosmopolitan vernacular / Sneja Gunew -- Global cosmopolitanism and nomad citizenship / Eugene Holland -- Destroying cosmopolitanism for the sake of the cosmos / Claire Colebrook. 330 $aAt a time when social and political reality seems to move away from the practice of cosmopolitanism, whilst being in serious need of a new international framework to regulate global interaction, what are the new definitions and practices of cosmopolitanism? Including contributions from leading figures across the humanities and social sciences, After Cosmopolitanism takes up this question as its central challenge. Its core argument is the idea that our globalised condition forms the heart of contemporary cosmopolitan claims, which do not refer to a transcendental ideal, but are rather immanent 606 $aCosmopolitanism 606 $aGlobalization$xPolitical aspects 615 0$aCosmopolitanism. 615 0$aGlobalization$xPolitical aspects. 676 $a306 701 $aBlaagaard$b Bolette$01599218 701 $aBraidotti$b Rosi$0162901 701 $aHanafin$b Patrick$01492574 801 0$bMiAaPQ 801 1$bMiAaPQ 801 2$bMiAaPQ 906 $aBOOK 912 $a9910969991903321 996 $aAfter cosmopolitanism$94493350 997 $aUNINA LEADER 03496nam 22007455 450 001 9910913786303321 005 20251113203500.0 010 $a9789819792436 010 $a9819792436 024 7 $a10.1007/978-981-97-9243-6 035 $a(CKB)36702056200041 035 $a(MiAaPQ)EBC31807807 035 $a(Au-PeEL)EBL31807807 035 $a(OCoLC)1477225218 035 $a(DE-He213)978-981-97-9243-6 035 $a(EXLCZ)9936702056200041 100 $a20241130d2024 u| 0 101 0 $aeng 135 $aur||||||||||| 181 $ctxt$2rdacontent 182 $cc$2rdamedia 183 $acr$2rdacarrier 200 10$aInnovative Design and Engineering Applications of Intelligent Systems Under the Framework of Industry 4.0 $eProceedings of 3rd International Conference on Intelligent Systems Design and Engineering Applications (ISDEA 2024) /$fedited by Yongsheng Ma 205 $a1st ed. 2024. 210 1$aSingapore :$cSpringer Nature Singapore :$cImprint: Springer,$d2024. 215 $a1 online resource (136 pages) 225 1 $aLecture Notes in Electrical Engineering,$x1876-1119 ;$v856 311 08$a9789819792429 311 08$a9819792428 330 $aThis proceedings book contains peer-reviewed papers presented at the 2024 International Conference on Intelligent Systems Design and Engineering Applications which was held in Tottori, Japan, May 10?12, 2024 (ISDEA2024). There are five major sessions covered in this book, including 1) Theory and Application of Artificial Intelligence Technologies in Industry; 2) System Design and Data Analysis within the Context of Internet of Things (IOT); 3) System Automation, Control, and Robots; 4) Smart Product Design and Integrated Manufacturing and 5) Sensors, Transducers and Detection Technology. This book provides an idea-exchange and discussion platform for the world's engineers and academia to share cutting-edge information, address the hottest issue in intelligent systems design and engineering applications, explore new technologies, exchange and build upon ideas. 410 0$aLecture Notes in Electrical Engineering,$x1876-1119 ;$v856 606 $aComputational intelligence 606 $aArtificial intelligence 606 $aEngineering design 606 $aIndustrial engineering 606 $aProduction engineering 606 $aElectric power distribution 606 $aComputational Intelligence 606 $aArtificial Intelligence 606 $aEngineering Design 606 $aIndustrial and Production Engineering 606 $aEnergy Grids and Networks 606 $aIntelligence Infrastructure 615 0$aComputational intelligence. 615 0$aArtificial intelligence. 615 0$aEngineering design. 615 0$aIndustrial engineering. 615 0$aProduction engineering. 615 0$aElectric power distribution. 615 14$aComputational Intelligence. 615 24$aArtificial Intelligence. 615 24$aEngineering Design. 615 24$aIndustrial and Production Engineering. 615 24$aEnergy Grids and Networks. 615 24$aIntelligence Infrastructure. 676 $a658.4038 700 $aMa$b Yongsheng$0980223 701 $aMa?$00 801 0$bMiAaPQ 801 1$bMiAaPQ 801 2$bMiAaPQ 906 $aBOOK 912 $a9910913786303321 996 $aInnovative Design and Engineering Applications of Intelligent Systems Under the Framework of Industry 4.0$94465302 997 $aUNINA